| 000 | 00391nam a2200133Ia 4500 | ||
|---|---|---|---|
| 008 | 170516s9999 xx 000 0 und d | ||
| 245 | _aDevelopment of Manganese-Based Nanoparticles as Contrast Probes for Magnetic Resonance Imaging | ||
| 260 | _bTheranostics | ||
| 260 | _c2012 | ||
| 300 | _a2:1 | ||
| 650 | _xMedical Technology | ||
| 650 | _xMedtech | ||
| 856 | _uhttp://www.thno.org/v2i1 | ||
| 999 |
_c330177 _d330177 |
||